| 000 | 00447cam a22001331 4500 | ||
|---|---|---|---|
| 082 |
_a951.04 _bSCI |
||
| 100 | 1 |
_aScidmore, Eliza Ruhamah, _950308 |
|
| 245 | 1 | 0 |
_aChina, the long-lived empire. _cBy Eliza Ruhamah Scidmore ... |
| 260 |
_aNew York, _bThe Century Co., _c1900. |
||
| 300 |
_axv p., 1 l., 466 p. incl. front., illus., plates, ports., plan. _c21 cm. |
||
| 526 |
_a0 _b0 _c0 _d951_040000000000000_SCI |
||
| 650 |
_aMCE _9379 |
||
| 942 |
_2ddc _cBK |
||
| 999 |
_c553033 _d553033 |
||